| 000 | 00497nam a2200193Ia 4500 | ||
|---|---|---|---|
| 003 | OSt | ||
| 005 | 20250214162745.0 | ||
| 008 | 210210b1949 xxu||||| |||| 00| 0 eng d | ||
| 040 | _cAL | ||
| 041 | _ahin | ||
| 082 | _a863/39 | ||
| 100 |
_aHARIKRISHNA (Premi) _9199882 |
||
| 110 |
_bहरिकृष्ण प्रेमी _9199883 |
||
| 245 |
_aUddhar: _bउधार |
||
| 260 |
_aDelhi _bAtma Ram & Sons _c1949 |
||
| 690 |
_aHindi Drama _9199884 |
||
| 906 | _a023415 | ||
| 942 |
_2ddc _cBK |
||
| 999 |
_c148382 _d148382 |
||